000 00930nas a2200313 4500
001 BR0707344
003 BR-BrBNA
005 20231205111035.0
007 ta
008 230509b bl.|||p| |||| 00| 00por d
040 _aBR-BrBNA
_bpor
_cBiblioteca Nacional de Agricultura
041 _a(Pt)
072 _aF30; Q60
100 1 _aTeixeira, F.F.
100 1 _aVasconcellos, J.H. de
100 1 _aAndrade, R.V. de
100 1 _aSantos, M.X. dos
100 1 _aMartins Netto, D.A.
100 1 _aNovotny, E.H.
100 1 _aMonteiro, M.A.R.
245 1 _aDesempenho de variedades de milho quanto à qualidade da palha para artesanato
650 _aMILHO
650 _aPALHA
650 _aARTESANATO
650 _aQUALIDADE
773 0 _tRevista Brasileira de Milho e Sorgo (Brazil)
_xISSN 1676-689X
_g(Jan-Apr 2007), v. 6(1) p. 84-94
_wBR0707344
909 _a202311
_bLúcia
_c55
_dLúcia Elande
942 _2AGRIS
_n0
_cANA
999 _c190300
_d190300